Normal view MARC view

Entry Corporate Name

Number of records used in: 1

001 - CONTROL NUMBER

  • control field: 298219

003 - CONTROL NUMBER IDENTIFIER

  • control field: OSt

005 - DATE AND TIME OF LATEST TRANSACTION

  • control field: 20220925233042.0

008 - FIXED-LENGTH DATA ELEMENTS

  • fixed length control field: 220925|| aca||aabn | a|a d

040 ## - CATALOGING SOURCE

  • Original cataloging agency: OSt
  • Transcribing agency: OSt

110 ## - HEADING--CORPORATE NAME

  • Corporate name or jurisdiction name as entry element: CENTRAL PROVINCES AND BERAR

670 ## - SOURCE DATA FOUND

  • Source citation: Work cat.: (OSt)592791: CENTRAL PROVINCES AND BERAR, Report on the indian mines act 1927-50., 1928
Copyright @ Delhi University Library System